Phát huy tính tích cực nhận thức của trẻ mẫu giáo 5 - 6 tuổi trong trò chơi học tập Giáo trình chuyên đề dùng cho hệ cử nhân giáo dục mầm non
Trình bày tính tích cực nhận thức của trẻ mẫu giáo, các trò chơi học tập, sự cần thiết phát huy tính tích cực nhận thức của trẻ mẫu giáo 5 - 6 tuổi trong trò chơi học tập và tiến trình tổ chức trò chơi học tập cho trẻ mẫu giáo
Bewaard in:
| Hoofdauteur: | |
|---|---|
| Formaat: | Boek |
| Taal: | Vietnamese |
| Gepubliceerd in: |
H.
Đại học Sư phạm
2015
|
| Editie: | In lần thứ 9, có chính lí, bổ sung |
| Onderwerpen: | |
| Tags: |
Voeg label toe
Geen labels, Wees de eerste die dit record labelt!
|
| Thư viện lưu trữ: | Mạng thư viện Đại học Đà Nẵng |
|---|
| LEADER | 01648nam a2200373 4500 | ||
|---|---|---|---|
| 001 | 000024267 | ||
| 003 | 20753 | ||
| 005 | 20161109141117.0 | ||
| 008 | 161104s2015 viesd | ||
| 020 | |c 29000đ | ||
| 041 | 0 | |a vie | |
| 082 | 1 | 4 | |a 372.37 |b NG-H |
| 100 | 1 | |a Nguyễn Thị Hòa | |
| 245 | 1 | 0 | |a Phát huy tính tích cực nhận thức của trẻ mẫu giáo 5 - 6 tuổi trong trò chơi học tập |b Giáo trình chuyên đề dùng cho hệ cử nhân giáo dục mầm non |c Nguyễn Thị Hòa |
| 250 | |a In lần thứ 9, có chính lí, bổ sung | ||
| 260 | |a H. |b Đại học Sư phạm |c 2015 | ||
| 300 | |a 144 tr. |c 21 cm. | ||
| 500 | |a Phụ lục: tr. 105-142 | ||
| 504 | |a Thư mục: tr. 143 | ||
| 520 | 3 | |a Trình bày tính tích cực nhận thức của trẻ mẫu giáo, các trò chơi học tập, sự cần thiết phát huy tính tích cực nhận thức của trẻ mẫu giáo 5 - 6 tuổi trong trò chơi học tập và tiến trình tổ chức trò chơi học tập cho trẻ mẫu giáo | |
| 650 | 0 | 4 | |a Giáo dục mầm non |v Giáo trình |x Trò chơi |
| 653 | |a Nhận thức | ||
| 653 | |a Trò chơi | ||
| 653 | |a Tính tích cực | ||
| OWN | |a LSP | ||
| AVA | |a UDN50 |b LSP |d 372.37 NG-H |e available |t Error 5001 Not defined in file expand_doc_bib_avail. |f 5 |g 0 |h N |i 0 |k 1 | ||
| 999 | |a From the UDN01 | ||
| AVA | |a UDN50 |b LSP |d 372.37 NG-H |e available |t Error 5001 Not defined in file expand_doc_bib_avail. |f 5 |g 0 |h N |i 0 |k 1 | ||
| TYP | |a Monograph | ||
| TYP | |a Printed language | ||
| 980 | |a Mạng thư viện Đại học Đà Nẵng | ||